书目信息 |
| 题名: |
基础生物学技术教程
|
|
| 作者: | 陈建秀 , 黄诚 主编 | |
| 分册: | ||
| 出版信息: | 南京 南京大学出版社 1997.10 |
|
| 页数: | 212页 | |
| 开本: | 16开 | |
| 丛书名: | ||
| 单 册: | ||
| 中图分类: | Q-43 | |
| 科图分类: | ||
| 主题词: | 生物学 | |
| 电子资源: | ||
| ISBN: | 7-305-03114-3 | |
| 000 | 00607nam0 2200205 45 | |
| 001 | 0009091526 | |
| 005 | 20000909154350.5 | |
| 010 | @a7-305-03114-3@d17.00元 | |
| 100 | @a20000909d1997 km y0chiy0120 ea | |
| 101 | 0 | @achi |
| 105 | @a z 000yy | |
| 200 | 1 | @a基础生物学技术教程@AJi Chu Sheng Wu Xue Ji Shu Jiao Cheng@f陈建秀,黄诚主编@FChen Jian Xiu,Huang Cheng Zhu Bian |
| 210 | @a南京@c南京大学出版社@d1997.10 | |
| 215 | @a212页@d16开 | |
| 606 | 0 | @a生物学 |
| 690 | @aQ-43@v3 | |
| 701 | 0 | @a陈建秀@4主编 |
| 701 | 0 | @a黄诚@4主编 |
| 801 | @aCN@bPftUser@c20000909 | |
| 905 | @b131970-974@dQ-43@eCH889@f5 | |
| 基础生物学技术教程/陈建秀,黄诚主编.-南京:南京大学出版社,1997.10 |
| 212页;16开 |
| ISBN 7-305-03114-3:17.00元 |
| ● |
| 相关链接 |
|
|
|
正题名:基础生物学技术教程
索取号:Q-43/CH889
 
预约/预借
| 序号 | 登录号 | 条形码 | 馆藏地/架位号 | 状态 | 备注 |
| 1 | 131970 | 201319705 | 自科库401/401自科库 24排1列4层/ [索取号:Q-43/CH889] | 在馆 | |
| 2 | 131971 | 201319714 | 自科库401/401自科库 24排1列4层/ [索取号:Q-43/CH889] | 在馆 | |
| 3 | 131972 | 201319723 | 自科二线504/110考试书库 3排2列4层/ [索取号:Q-43/CH889] | 在馆 | |
| 4 | 131973 | 201319732 | 自科二线504/504自科库 44排3列1层/ [索取号:Q-43/CH889] | 在馆 | |
| 5 | 131974 | 201319741 | 自科二线504/110考试书库 3排2列4层/ [索取号:Q-43/CH889] | 在馆 |